000 00481nam a2200205Ia 4500
003 0100
008 130303s9999 xx 000 0 und d
040 _cARRUPELIB
050 _aBX830.1962.A8R152 2001
100 _aRaimundas, TÚvas
245 _aVatican 2
245 _bThe church is opening up to the world
260 _aNew York
260 _bVantage Press
260 _C2001
300 _avii
300 _b 312p. 21cm.
650 _bCausation
942 _2lcc
_01
999 _c62534
_d62534